00816nam a2200169 i 4500001000700000003000900007005001700016008004100033100004800074245019500122260008000317300002600397490004900423650002500472830004900497852010000546161126ES-MaACL20250822063217.0990701s1845 sp |||| | spa d1 aOrtolan, Joseph Louis Elzéar, d1802-187310aCurso de legislación penal comparada b: lecciones pronunciadas en la Facultad de Derecho de París / cpor M. Ortolán. De la pena de muerte en los partidos políticos / por F. Guizot. aMadrid : b[s.n.], c1845 (fImp. de la Sociedad Literaria y Tipográfica) a221, 91 p. ; c23 cm.1 aBiblioteca de jurisprudencia y legislación07aDerecho penal2embne0 aBiblioteca de jurisprudencia y legislación aES-MaACLjC-3230 z- Enc. hol. q- Contiene únicamente las 221 p. de las lecciones de Ortolan